000 00445nam a2200181Ia 4500
001 4990
005 20260306145835.0
008 260306t2008||||xx |||||||||||||| ||spa||
041 _aESP
082 _a332.4985
_bF41 2008
100 _aFernández-Baca, Jorge
_eAUT
245 0 _aTeoría y política monetaria texto impreso
260 _c2008
300 _a587 páginas :
_ccm.
650 _aGEN
654 _aCAN
942 _cLIB
_dJUS
_fJUS
_2ddc
_n
999 _c4990
_d4990